00656nam a2200193 i 4500001000700000003000900007005001700016007000300033008004100036040001300077080001000090245014900100250001300249260004700262300002800309655001500337710002800352852008200380124329ES-MaACL20240418063118.0t|070530s1954 xxk ||||1| eng d cES-MaACL a238.102aA catechism of christian doctrine :baproved by the archbishops and bishops of England and Wales, and directed to be used in all their dioceses. aEd. rev. aLondon : bCatholic Truth Society, c1954. a72 páginas ; c12 cm. 7aCatecismos2 aCatholic Truth Society. aES-MaACLbR. 142438cDEPOFhBiblioteca Jacinto Martínez Lacallej2231-F-1